000 00982nam a2200301 i 4500
001 18441
003 ES-MaACL
005 20230906151836.0
007 t|
008 011121s1998 ag ||||1| spa d
020 _a950-02-8480-4
080 _a82.09"19"
080 _a929:82-293.7.08"19"(049.3)
080 _a82-293.7.08"19"
245 0 0 _aConfesiones de escritores.
_pCríticos. Guionistas
_b: los reportajes de The Paris Review /
_cHarold Blomm ... [et al.] ; prólogo de Elvio E. Gandolfo.
250 _a1ª ed.
260 _aBuenos Aires :
_bEl Ateneo,
_c[1998]
300 _aIX, 236 p. ;
_c23 cm.
490 1 _aGrandes reportajes
650 4 _aEscritores-
_yS.XX-
_vEntrevistas.
_912381
650 4 _aCrítica literaria-
_yS.XX.
_911452
700 1 _aBloom, Harold.
_929559
700 1 _aGandolfo, Elvio E.
_953844
730 0 _aParis review.
_9123688
830 0 _aGrandes reportajes
_9180447
852 _aES-MaACL
_jL-25073
_bR.130513
999 _c18441
_d18441